000
00330nam a22001457a 4500
003
SGT
020
_a
938426650-7
082
_a
615
_b
NAN
100
_a
NAND, DR. PRATIBHA
245
_a
A TEXTBOOK OF PHARMACY PRACTICE
260
_a
INDIA
_b
BIRLA PUB.
_c
2025
300
_a
308
650
_a
PHARMACY PRACTICE
942
_2
ddc
_c
BK
999
_c
32955
_d
32955